书目信息 |
| 题名: |
白日薄西山
|
|
| 作者: | 徐兴无, 著 | |
| 分册: | ||
| 出版信息: | 南京 江苏人民出版社 2016 |
|
| 页数: | 278页 | |
| 开本: | 24cm | |
| 丛书名: | 魅文馆 | |
| 单 册: | ||
| 中图分类: | K234.07 | |
| 科图分类: | ||
| 主题词: | 中国历史--zhong guo li shi--古代史--研究--汉代 | |
| 电子资源: | ||
| ISBN: | 978-7-214-18467-2 | |
| 000 | 01193nam0 22003011 450 | |
| 001 | 1730261794 | |
| 005 | 20170525101432.0 | |
| 010 | @a978-7-214-18467-2@dCNY39.00 | |
| 100 | @a20160721d2016 em y0chiy50 ea | |
| 101 | 0 | @achi |
| 102 | @aCN@b320000 | |
| 105 | @ay z 000yy | |
| 106 | @ar | |
| 200 | 1 | @a白日薄西山@Abai ri bao xi shan@e大汉帝国的衰亡@f徐兴无著 |
| 210 | @a南京@c江苏人民出版社@d2016 | |
| 215 | @a278页@d24cm | |
| 225 | 2 | @a魅文馆@Amei wen guan |
| 225 | 2 | @a王朝的终结丛书@Awang chao de zhong jie cong shu |
| 314 | @a徐兴无, 1964年生, 江苏扬州人, 文学博士, 现为南京大学文学院教授。 | |
| 330 | @a本书全景式地还原了大汉帝国由兴盛走向衰亡的历史真貌。重点讲述了汉灵帝、献帝两朝52年的时间, 诸侯割据、三国鼎立的历史, 因此, 从时间上说与《三国演义》前半部的记述相一致, 但忠于历史的写作宗旨, 会呈现给读者不同的角度和面貌以及新颖的观点。 | |
| 461 | 0 | @12001 @a魅文馆 |
| 461 | 0 | @12001 @a王朝的终结丛书 |
| 517 | 1 | @a大汉帝国的衰亡@Ada han di guo de shuai wang |
| 606 | 0 | @a中国历史@Azhong guo li shi@x古代史@x研究@z汉代 |
| 690 | @aK234.07@v5 | |
| 701 | 0 | @a徐兴无,@Axu xing wu ,@f1964-@4著 |
| 801 | 0 | @aCN@bTANG WEI@c20170522 |
| 905 | @b0968073-7@dK234.07@e61@f5 | |
| 白日薄西山:大汉帝国的衰亡/徐兴无著.-南京:江苏人民出版社,2016 |
| 278页;24cm.-(魅文馆).-(王朝的终结丛书) |
| ISBN 978-7-214-18467-2:CNY39.00 |
| 本书全景式地还原了大汉帝国由兴盛走向衰亡的历史真貌。重点讲述了汉灵帝、献帝两朝52年的时间, 诸侯割据、三国鼎立的历史, 因此, 从时间上说与《三国演义》前半部的记述相一致, 但忠于历史的写作宗旨, 会呈现给读者不同的角度和面貌以及新颖的观点。 |
| ● |
| 相关链接 |
|
|
|
|
正题名:白日薄西山
索取号:K234.07/61
 
预约/预借
| 序号 | 登录号 | 条形码 | 馆藏地/架位号 | 状态 | 备注 |
| 1 | 0968073 | 209680736 | 第二样本阅览室/ [索取号:K234.07/61] | 在馆 | |
| 2 | 0968074 | 209680745 | 第二借阅区/ [索取号:K234.07/61] | 在馆 | |
| 3 | 0968075 | 209680754 | 第二借阅区/ [索取号:K234.07/61] | 在馆 | |
| 4 | 0968076 | 209680763 | 第二借阅区/ [索取号:K234.07/61] | 在馆 | |
| 5 | 0968077 | 209680772 | 密集书库-史法系/ [索取号:K234.07/61] | 在馆 |